|
|
|
|
| LEADER |
00000naa2a2200000 4500 |
| 001 |
616522 |
| 005 |
20231214163347.0 |
| 035 |
|
|
|a (RuTPU)RU\TPU\conf\14760
|
| 035 |
|
|
|a RU\TPU\conf\14756
|
| 090 |
|
|
|a 616522
|
| 100 |
|
|
|a 20151229d2015 k y0rusy50 ca
|
| 101 |
0 |
|
|a rus
|
| 102 |
|
|
|a RU
|
| 105 |
|
|
|a y z 101zy
|
| 135 |
|
|
|a drcn ---uucaa
|
| 181 |
|
0 |
|a i
|
| 182 |
|
0 |
|a b
|
| 200 |
1 |
|
|a Масс-спектрометрическое исследование газообразных продуктов термоокислительной деструкции эпоксидных полимеров
|f П. Б. Бухарева, О. Б. Назаренко, П. М. Висак
|
| 203 |
|
|
|a Текст
|c электронный
|
| 300 |
|
|
|a Заглавие с титульного экрана
|
| 320 |
|
|
|a [Библиогр.: с. 195 (6 назв.)]
|
| 337 |
|
|
|a Adobe Reader
|
| 463 |
|
0 |
|0 (RuTPU)RU\TPU\conf\14479
|t Информационные технологии неразрушающего контроля
|o сборник научных трудов Российской школы конференции с международным участием, Томск, 27-30 октября 2015 г.
|f Национальный исследовательский Томский политехнический университет (ТПУ)
|v [С. 192-195]
|d 2015
|
| 610 |
1 |
|
|a труды учёных ТПУ
|
| 610 |
1 |
|
|a электронный ресурс
|
| 610 |
1 |
|
|a масс-спектрометрические исследования
|
| 610 |
1 |
|
|a газообразные продукты
|
| 610 |
1 |
|
|a термоокислительная деструкция
|
| 610 |
1 |
|
|a эпоксидные полимеры
|
| 700 |
|
1 |
|a Бухарева
|b П. Б.
|
| 701 |
|
1 |
|a Назаренко
|b О. Б.
|c специалист в области экологии и безопасности жизнедеятельности
|c профессор Томского политехнического университета, доктор технических наук
|f 1963-
|g Ольга Брониславовна
|3 (RuTPU)RU\TPU\pers\25620
|9 11549
|
| 701 |
|
1 |
|a Висак
|b П. М.
|
| 712 |
0 |
2 |
|a Национальный исследовательский Томский политехнический университет (ТПУ)
|b Институт неразрушающего контроля (ИНК)
|b Кафедра экологии и безопасности жизнедеятельности (ЭБЖ)
|3 (RuTPU)RU\TPU\col\18720
|
| 801 |
|
2 |
|a RU
|b 63413507
|c 20210224
|g RCR
|
| 856 |
4 |
|
|u http://earchive.tpu.ru/handle/11683/15336
|
| 856 |
4 |
|
|u http://www.lib.tpu.ru/fulltext/c/2015/C111/040.pdf
|
| 942 |
|
|
|c BK
|